| 000 | 00578nam a2200193Ia 4500 | ||
|---|---|---|---|
| 003 | GCL | ||
| 008 | 140319s9999 xx 000 0 ara d | ||
| 040 |
_aGCL / _cGCL |
||
| 082 | 0 | 4 |
_a210 _bم ا |
| 100 | 1 | _aمحمد متولى الشعراوى | |
| 245 | 1 | 0 |
_aاحاديث الى الشباب / _cمحمد متولى الشعراوى |
| 700 | 1 | _aمحمد ابراهيم سليمان | |
| 260 |
_aالرياض : _bدار المريخ للنشر |
||
| 300 |
_a224 ص ؛ _c12 سم |
||
| 490 | _a | ||
| 650 | 0 | 4 | _aالاسلام |
| 650 | 0 | 4 | _aالمواعظ |
| 942 |
_2ddc _cBK |
||
| 999 |
_c53176 _d53176 |
||